|
|
|
|
| LEADER |
01083pam a22003258a 4500 |
| 001 |
00036848 |
| 008 |
170330s2003 ||||||viesd |
| 005 |
20171026081025.0 |
| 020 |
# |
# |
|c 4300
|
| 041 |
0 |
# |
|a vie
|
| 082 |
1 |
4 |
|a 372.7
|b V460B
|
| 100 |
0 |
# |
|a Đỗ, Đình Hoan
|e Chủ biên
|
| 245 |
0 |
0 |
|a Vở bài tập Toán 2
|c Đỗ Đình Hoan (ch.b), Nguyễn Áng
|n Tập 1
|
| 260 |
# |
# |
|a Hà Nội
|b Giáo dục
|c 2003
|
| 300 |
# |
# |
|a 96 tr.
|b hình vẽ
|c 24 cm.
|
| 650 |
# |
4 |
|a Toán 2
|
| 653 |
# |
# |
|a Tiểu học
|
| 653 |
# |
# |
|a Toán
|
| 653 |
# |
# |
|a Vở bài tập
|
| 700 |
1 |
# |
|a Nguyễn, Áng
|
| 852 |
# |
# |
|b Kho mượn
|j KGT.0052333, KGT.0052334, KGT.0052335, KGT.0052336, KGT.0052337, KGT.0052338, KGT.0052339
|
| 852 |
# |
# |
|b Kho đọc
|j KD.0019710
|
| 852 |
# |
# |
|j KGT.0052336
|j KGT.0052337
|j KGT.0052339
|j KGT.0052334
|j KGT.0052335
|j KD.0019710
|j KGT.0052333
|j KGT.0052338
|
| 910 |
|
|
|d 30/03/2017
|
| 980 |
# |
# |
|a Trung tâm Học liệu Lê Vũ Hùng, Trường Đại học Đồng Tháp
|